000 00421nam a22001697a 4500
020 _a9789353456436
082 _a823
_bABA/S
100 _aAbanindranath Tagore
245 _aSuryavamshi /
_cby Abanindranath Tagore
260 _aNew Delhi:
_bJuggernaut,
_c2024.
300 _a250p.
650 _aNovel English
650 _aLiterature English
650 _aLiterature
700 _aSandipan Deb (tr.)
942 _cBK
999 _c181286
_d181286